Associez les descriptions géographiques aux mots correspondants - Statistiques

Statistiques générales
  • Ce quiz a été pris 47 fois
  • Le résultat moyen est 14 sur 20
Statistiques - réponses
Hint Réponse % Correct
Etat dans le centre des Etats-Unis. Kansas
95%
Mer située à l'Est de l'Italie. Adriatique
93%
Sommet montagneux le plus haut du Japon. Fuji
93%
Massif montagneux d'Afrique du Nord. Atlas
81%
Embouchure d'un fleuve caractérisée par une accumulation de sédiments et la création de plusieurs bras de fleuve. Delta
81%
Vaste région géographique partagée entre le Chili et l'Argentine. Patagonie
81%
Archipel britannique faisant partie de l'Écosse. Shetland
81%
Province au Nord de l'Espagne. Asturies
79%
Un des cinq grands lacs d'Amérique du Nord, le quatrième en superficie. Erié
76%
Désert hyperaride d'Amérique du Sud, situé au Chili. Atacama
74%
Ville située sur l'ile du Sud de la Nouvelle-Zélande. Christchurch
71%
Mer intérieure située entre le Kazakhstan et l'Ouzbékistan. Aral
67%
Atoll et commune au nord-est de la Grande Terre de la Nouvelle-Calédonie. Ouvéa
64%
Capitale du Bhoutan. Thimphou
64%
Région de savanes principalement située au Brésil. Cerrado
55%
Ile dans l'océan Indien dont la population est considérée comme l'une des dernières tribus de la planète totalement coupées du monde moderne. North Sentinel
52%
Cratère d'astéroïde, considéré comme une cause probable de l'extinction massive des dinosaures. Chicxulub
48%
Désert continental partagé entre le Turkménistan et l'Ouzbékistan. Karakoum
43%
Terme malgache désignant une forêt secondaire ou une forêt dégradée, souvent résultant de la dégradation de la forêt primaire. Savoka
31%
Cordon littoral, généralement sableux, reliant une île au continent. Tombolo
29%
Aucun quiz correspondant
Distribution des résultats
% des personnes avec chaque résultat
Percentile par nombre de réponses
Votre historique - résultats
Vous n’avez pas pris ce quiz